Caste and caste conflict in rural society / (Record no. 139264)

MARC details
000 -LEADER
fixed length control field 00530nam a22001817a 4500
005 - DATE AND TIME OF LATEST TRANSACTION
control field 20170425152442.0
010 ## - LCCN (DPL NO)
LC control number ENG-117950
020 ## - INTERNATIONAL STANDARD BOOK NUMBER
International Standard Book Number 9789382632061
Terms of availability 475.00
035 ## - SYSTEM CONTROL NUMBER
System control number EN-101482
037 ## - SOURCE OF ACQUISITION
Source of stock number/acquisition DBAD/PUB
082 ## - DEWEY DECIMAL CLASSIFICATION NUMBER
Classification number 305.5122
100 ## - MAIN ENTRY--PERSONAL NAME
Personal name Saraf, Rittu
245 ## - TITLE STATEMENT
Title Caste and caste conflict in rural society /
Statement of responsibility, etc Ritu Saraf
260 ## - PUBLICATION, DISTRIBUTION, ETC. (IMPRINT)
Place of publication, distribution, etc Allahabad
Name of publisher, distributor, etc Aprajita Publication
Date of publication, distribution, etc 2015
270 ## - ADDRESS
Address 5, Khusrobagh Road
City Allahabad
Postal code 211001
300 ## - PHYSICAL DESCRIPTION
Extent v,152p.
Dimensions 21cm(Hb)
942 ## - ADDED ENTRY ELEMENTS (KOHA)
Source of classification or shelving scheme Dewey Decimal Classification
Item type English Books
Classification part 305.5122
Call number suffix SAR
Holdings
Withdrawn status Lost status Not for loan Collection code Home library Current library Date acquired Source of acquisition Cost, normal purchase price Full call number Barcode Copy number Cost, replacement price Koha item type
    Not For Loan Non-fiction D.B.Act.Division Bawana 25/04/2017 DBAD/PUB 475.00 305.5122 SAR EN-101482 1 475.00 English Books

© Delhi Public Library
Hit Counter
free hit counter